000 00968nam a22002898i 4500
001 020932402
003 EG-ScBUE
005 20260208094731.0
008 221124s2023 vraa f 000 0 eng d
020 _a9781864709506
040 _aStDuBDS
_beng
_erda
_cStDuBDS
_dEG-ScBUE
082 0 4 _a728.370922
_222
_bARC
245 0 0 _aArchitects at home.
264 1 _aMelbourne :
_bThe Images Publishing Group Pty Ltd,
_c2023.
300 _a319 pages :
_bchiefly illustrations (black and white, and colour) ;
_c24 cm
336 _atext
_2rdacontent
_btxt
336 _astill image
_2rdacontent
_btxt
337 _aunmediated
_2rdamedia
_bn
338 _avolume
_2rdacarrier
_bnc
650 7 _aArchitect-designed houses
_vPictorial works.
_2BUEsh
650 7 _aArchitecture, Domestic
_vPictorial works.
_2BUEsh
650 7 _aArchitects
_xHomes and haunts.
_2BUEsh
653 _cFebruary2026
_bENGARC
655 _vReading book
942 _2ddc
_cBB
999 _c31080
_d31051